| 000 | 00947nam a22002415i 4500 | ||
|---|---|---|---|
| 001 | 165550 | ||
| 003 | ES-MaACL | ||
| 005 | 20230906213148.0 | ||
| 008 | 889114s1887 xxk b |||| | eng d | ||
| 040 |
_aCAT _bspa _cCAT _dCCPB |
||
| 080 | 4 | _a016 | |
| 080 | _a011(42) | ||
| 100 | 1 |
_aSonnenschein, William Swan ( _d1855-1931) _9132815 |
|
| 245 | 1 | 4 |
_aThe Best books _b: a reader's guide to the choice of the best available books (about 25.000) in every department of science art and literature ... : a contribution towards classified bibliography / _cby William Swan Sonnenschein. |
| 260 |
_aLondon : _bSwan Sonnenschein : _bLowrey & Co., _c1887. |
||
| 300 |
_aXVI, 713 p. ; _c25 cm. |
||
| 500 | 1 | _aÍndice. | |
| 650 | 4 |
_aEdiciones inglesas- _yS. XIX. _9135953 |
|
| 700 | 1 |
_aSonnenschein, Willian Swan, _eed. _9132816 |
|
| 700 | 0 |
_aLorrey and Co. _9129082 |
|
| 752 |
_aGran Bretaña - _dLondres |
||
| 852 |
_aES-MaACL _jD-50 _q-- Enc. tela |
||
| 999 |
_c165550 _d165550 |
||